| 000 | 00588nam a2200193 i 4500 | ||
|---|---|---|---|
| 001 | 84830 | ||
| 003 | ES-MaACL | ||
| 005 | 20230906175122.0 | ||
| 007 | t| | ||
| 008 | 041124s1970 sp ||||1| spa d | ||
| 100 | 1 |
_aJohnston, T. B. _966779 |
|
| 245 | 1 | 0 |
_aSinopsis de Anatomía regional / _cT.B. Johnston ; revisado por Roger Warwick ; versión A. Jornet. |
| 250 | _a[1ª ed.]. | ||
| 260 |
_aBarcelona : _bJims, _c[1970] |
||
| 300 |
_aXV, 533 p. : _bil. ; _c22 cm. |
||
| 700 | 1 |
_aWarwick, Roger. _9116141 |
|
| 700 | 1 |
_aJornet Cases, A. _966960 |
|
| 852 |
_aES-MaACL _jC-38141 _bR.76465 |
||
| 999 |
_c84830 _d84830 |
||